000 00540nam a22001937a 4500
003 LK-CoDNM
005 20250206101249.0
008 250206b |||||||| |||| 00| 0 eng d
040 _aLK-CoDNM
_dLK-CoDNM
_eLK-CoDNM
041 _aeng
080 _a80
100 _aDavidson, L.S.P.
245 _aThe principles and Practice of Medicine - i edition
246 _aA textbook for Students and Doctors
260 _aEdinburgh , London
_bE & S. Livingstone LTD.
_c1953
300 _axi, 919p. ; 22 cm
650 _aScience
942 _cBK
999 _c237903
_d237903